000 00495 a2200169 4500
999 _c148
_d148
020 _a9781408066225
050 _aHF5686.C8 LUC 2009
100 _aLucey, T. (Terence)
_eauthor
245 _aCosting /
_cT. Lucey
264 _aBelmont :
_bSouth-Western Cengage Learning,
_cc2009
300 _axiii, 578p. :
_bill.
500 _aIncludes index
650 _aCost accounting
_xStudy and teaching
650 _aCost accounting
650 _aDirect costing
942 _2lcc
_cBK
_e7th ed.
_h5686.C8
_iLUC
_kHF